书目信息 |
| 题名: |
二十世纪西方文论选
|
|
| 作者: | 朱立元 , 李钧 主编 | |
| 分册: | 上卷 | |
| 出版信息: | 北京 高等教育出版社 2002.06 |
|
| 页数: | 733页 | |
| 开本: | 23cm | |
| 丛书名: | 面向21世纪课程教材 | |
| 单 册: | ||
| 中图分类: | I109.9-53 | |
| 科图分类: | ||
| 主题词: | 现代文学--xian dai wen xue--文学流派--文学理论--西方国家--文集 | |
| 电子资源: | ||
| ISBN: | 7-04-010500-4 | |
| 000 | 01296nam 2200301 450 | |
| 001 | 012006290141 | |
| 005 | 20060928105530.79 | |
| 010 | @a7-04-010500-4@dCNY52.30 | |
| 100 | @a20060806d2002 km y0chiy0120 ea | |
| 101 | 0 | @achi |
| 102 | @aCN@b110000 | |
| 105 | @ay a 000yy | |
| 200 | 1 | @a二十世纪西方文论选@Aer shi shi ji xi fang wen lun xuan@h上卷@f朱立元, 李钧主编@Fzhu li yuan,li jun zhu bian |
| 210 | @a北京@c高等教育出版社@d2002.06 | |
| 215 | @a733页@d23cm | |
| 225 | 2 | @a面向21世纪课程教材@Amian xiang 21 shi ji ke cheng jiao cai@i汉语言文学专业 |
| 312 | @a并列题名取自封底。 | |
| 320 | @a有书目 | |
| 330 | @a本书收入自20世纪以来在西方文学理论发展的历史中较有影响的理论文章,本卷包括新人文主义、直觉主义和意识流、表现主义、象征主义和意象派、未来主义与超现实主义、俄国形式主义、语义学与新批评派、精神分析与原型批评、现象学、存在主义与荒诞派、新小说派、西方马克思主义的文论。 | |
| 410 | 0 | @12001 @a面向21世纪课程教材 |
| 410 | 0 | @12001 @a汉语言文学专业 |
| 510 | 1 | @aSelection of Western literature theory works of 20th century@zeng |
| 606 | 0 | @a现代文学@Axian dai wen xue@x文学流派@x文学理论@y西方国家@j文集 |
| 690 | @aI109.9-53@v4 | |
| 701 | 0 | @a朱立元@Azhu li yuan@4主编 |
| 701 | 0 | @a李钧@Ali jun@4主编 |
| 801 | 0 | @aCN@c20060928 |
| 905 | @a10447@dI109.9-53@eZ858:1 | |
| 二十世纪西方文论选.上卷/朱立元, 李钧主编.-北京:高等教育出版社,2002.06 |
| 733页;23cm.-(面向21世纪课程教材.汉语言文学专业) |
| ISBN 7-04-010500-4:CNY52.30 |
| 本书收入自20世纪以来在西方文学理论发展的历史中较有影响的理论文章,本卷包括新人文主义、直觉主义和意识流、表现主义、象征主义和意象派、未来主义与超现实主义、俄国形式主义、语义学与新批评派、精神分析与原型批评、现象学、存在主义与荒诞派、新小说派、西方马克思主义的文论。 |
| ● |
| 相关链接 |
|
|
|
正题名:二十世纪西方文论选
索取号:I109.9-53/Z858:1
 
预约/预借
| 序号 | 登录号 | 条形码 | 馆藏地/架位号 | 状态 | 备注 |
| 1 | 599615 | 205996154 | 数理学院资料室/ [索取号:I109.9-53/Z858:1] | 在馆 |